000 00763nam a2200193 i 4500
001 182270
003 ES-MaACL
005 20230906221553.0
008 130730s1988 sp | |||| ||spa d
080 _a550.37:612.014.4
100 1 _aMerz, Blanche.
_9153109
245 1 4 _aLas radiaciones telúricas y su influencia en los seres vivos
_b: síntesis documentada de los institutos europeos de investigación geobiológica /
_c[elaborado por Blanche Merz].
260 _aMadrid :
_bCentro Mediterráneo de Investigación Geobiológica,
_c[1988]
300 _a26 p. :
_bil. ;
_c21 cm.
594 _aTít. tomado de la cub.
650 0 4 _aCorrientes telúricas-
_xEfectos fisiológicos.
_911377
650 4 _aGeobiología.
_9153110
852 _aES-MaACL
_j2316-F-18
999 _c182270
_d182270